000
00326nam a22001457a 4500
003
OSt
005
20260508115258.0
008
260508b |||||||| |||| 00| 0 eng d
040
_c
AL
082
_a
613.7 FONJ
100
_a
Fonda Jane
_9
263613
245
_a
Jane fondas workout book
650
_2
Science
942
_2
ddc
_c
BED
999
_c
241419
_d
241419